Construir ciudad : plan de mejora del espacio público de encuentro en el Casco Central de Alajuela, desde la visión de la niñez, la adolescencia y la tercera edad
Gorde:
| Egile nagusia: | |
|---|---|
| Beste egile batzuk: | , , |
| Formatua: | Ezezaguna |
| Hizkuntza: | Spanish |
| Argitaratua: |
[San José, Costa Rica]
2015
|
| Gaiak: | |
| Etiketak: |
Etiketa erantsi
Etiketarik gabe, Izan zaitez lehena erregistro honi etiketa jartzen!
|
MARC
| LEADER | 00000 a2200000 4500 | ||
|---|---|---|---|
| 003 | EA0125 | ||
| 005 | 20230223113219.0 | ||
| 008 | 140114s2015 cr a 000 ||spa d | ||
| 040 | |c cru CEDI | ||
| 090 | |a TFG EA-125 | ||
| 100 | |a Aldi Bolaños, Josué |9 20214 | ||
| 245 | |a Construir ciudad : plan de mejora del espacio público de encuentro en el Casco Central de Alajuela, desde la visión de la niñez, la adolescencia y la tercera edad | ||
| 260 | |a [San José, Costa Rica] |c 2015 | ||
| 500 | |a Seminario de graduación (licenciatura en arquitectura)--Universidad de Costa Rica. Facultad de Ingeniería. Escuela de Arquitectura | ||
| 501 | |a Directora de Seminario de Graduación: Arq. Marcela Vargas Rojas | ||
| 650 | |x ESPACIOS PUBLICOS - ALAJUELA (COSTA RICA) |x URBANISMO - ALAJUELA (COSTA RICA) - DISEÑOS Y PLANOS |x ESPACIOS PUBLICOS - DISEÑO - PARTICIPACION CIUDADANA - ALAJUELA (COSTA RICA) |x DISEÑO ARQUITECTONICO - ALAJUELA (COSTA RICA) |x PARTICIPACION CIUDADANA - ALAJUELA (COSTA RICA) |x ESPACIO (ARQUITECTURA) |9 20215 | ||
| 700 | |9 20216 |a Herrera Corrales, Esteban | ||
| 700 | |9 20217 |a Núñez Barrantes, Ana Lucía | ||
| 700 | |9 96 |a Vargas Rojas, Marcela, 1984- |d Directora del TFG | ||
| 942 | |c CEDI | ||
| 999 | |c 12914 |d 12914 | ||
